Water regulations and energy developments (Record no. 78779)

MARC details
000 -LEADER
fixed length control field 01373cab a22002415a 4500
001 - CONTROL NUMBER
control field L138056
008 - FIXED-LENGTH DATA ELEMENTS--GENERAL INFORMATION
fixed length control field 070515s2007 xxk f g 000 0 eng d
035 ## - SYSTEM CONTROL NUMBER
System control number (Sirsi) u138056
041 0# - LANGUAGE CODE
Language code of text/sound track or separate title eng
100 1# - MAIN ENTRY--PERSONAL NAME
Personal name Walker, Beverley
245 00 - TITLE STATEMENT
Title Water regulations and energy developments
490 ## - SERIES STATEMENT
Series statement Scottish Planning and Environmental Law
Volume/sequential designation (120) 20 April 2007, 37-38(2)
520 ## - SUMMARY, ETC.
Summary, etc. Examines issues raised by the overlaps between different systems of regulations. Many activities requiring authorisation under the Water Environment (Controlled Activities) (Scotland) Regulations 2005 also require planning permission. Warns against planning regulations being used beyond their remit due to a perceived shortcoming in other areas of regulation. Wind farm developers could be caught between two systems because of the need to obtain early authorisation under the Electricity Act while planning applications are at an early stage.
590 ## - LOCAL NOTE (RLIN)
Local note KA
650 24 - SUBJECT ADDED ENTRY--TOPICAL TERM
Topical term or geographic name entry element WATER ENVIRONMENT (CONTROLLED ACTIVITIES) (SCOTLAND) REGULATIONS 2005
650 24 - SUBJECT ADDED ENTRY--TOPICAL TERM
Topical term or geographic name entry element ENVIRONMENT AND WATER SERVICES (SCOTLAND) ACT 2003
650 24 - SUBJECT ADDED ENTRY--TOPICAL TERM
Topical term or geographic name entry element ENVIRONMENT AND WATER SERVICES (SCOTLAND) ACT 2003 (CONSEQUENTIAL PROVISIONS AND MODIFICATIONS) ORDER 2006
650 24 - SUBJECT ADDED ENTRY--TOPICAL TERM
Topical term or geographic name entry element ELECTRICITY ACT 1989 S36
650 24 - SUBJECT ADDED ENTRY--TOPICAL TERM
Topical term or geographic name entry element SPP1
651 #4 - SUBJECT ADDED ENTRY--GEOGRAPHIC NAME
Geographic name Scotland
Chronological subdivision 1999-
690 ## - LOCAL SUBJECT ADDED ENTRY--TOPICAL TERM (OCLC, RLIN)
Topical term or geographic name as entry element Planning and development
9 (RLIN) 6259
942 ## - ADDED ENTRY ELEMENTS (KOHA)
Suppress in OPAC 0
Holdings
Withdrawn status Lost status Source of classification or shelving scheme Damaged status Not for loan Home library Current library Shelving location Date acquired Total Checkouts Full call number Barcode Date last seen Copy number Price effective from Koha item type
    Dewey Decimal Classification     London London Journal article 15/05/2007   L138056 138056-1001 06/08/2019 1 06/08/2019 Journal article